| 000 | 00529nam a2200181Ia 4500 | ||
|---|---|---|---|
| 008 | 140429s9999 xx 000 0 und d | ||
| 020 | _a9789715848329 | ||
| 050 |
_aQP 33 _b.P741 2009 |
||
| 100 | _aPocsidio, Glorina N. | ||
| 245 |
_aExperiments in animal physchology / _cGlorina N. Pocsidio. |
||
| 260 |
_aManila : _bC & E Pub. Inc., _cc2009. |
||
| 300 |
_a191 p. : _c26 cm. |
||
| 500 | _aIncludes bibliographical references. | ||
| 521 | _aGE | ||
| 650 | _aPhysiology, Comparative. | ||
| 942 |
_kLOC _cBK |
||
| 999 |
_c115609 _d115609 |
||